000
00234nam a22000857a 4500
008
170606b xxu||||| |||| 00| 0 eng d
100
_9
3289
_a
Jamwal. A. B
245
_a
The wonderful Vacations
260
_a
New Delhi
_b
National Book Trust
_c
2000
999
_c
6606
_d
6606